00349nam a2200121Ia 4500003000400000008004100004040001600045082002100061245005700082260007200139300001100211490000500222GCL140319s9999 xx 000 0 ara d aGCL / cGCL04aقb960.3bم ع10aعبدالناصر والثورة الافريقية a[S.N] : bدار الوحدة للطباعة والنشر ، c1984 a265 ص a